| 000 | 02530cam a22005054i 4500 | ||
|---|---|---|---|
| 003 | PE-LiUPU | ||
| 005 | 20250731173426.0 | ||
| 008 | 150706s1996 caua r 000 0 spa d | ||
| 035 | _a(Sirsi) a51641 | ||
| 040 |
_aPE-LiUPU _bspa _cPE-LiUPU _erda |
||
| 049 | _aPRUA | ||
| 082 | 0 | 4 |
_a254 _bB96 _221 |
| 082 | 0 | 4 |
_a287.7 _bB96 |
| 100 | 1 |
_aBustos Catalán, Hazael, _eautor. |
|
| 245 | 1 | 0 |
_aAdministradores del Señor / _cHazael Bustos Catalán. |
| 264 | 1 |
_aCalifornia : _bs.n., _c1996. |
|
| 300 |
_a238 páginas : _bilustraciones ; _c22 centímetros |
||
| 336 |
_atext _2rdacontent |
||
| 337 |
_aunmediated _2rdamedia |
||
| 338 |
_avolume _2rdacarrier |
||
| 505 | 0 | _aLiderazgo -- Dios busca sus líderes -- El verdadero modelo -- El poder que genera energía en el líder -- El elevado precio pagado por el líder -- ¿Cuál es mi estilo de liderazgo? -- Administración -- La iglesia, empresa administrable -- La organización -- Privilegios y responsabilidades del dirigente -- El ministerio del anciano de la iglesia -- La función del tesorero de la iglesia -- El secretario de la iglesia -- El servicio del diaconado: diácono y diaconisa -- El director de actividades laicas -- Los dirigentes de la sociedad de jóvenes -- El director de comunicación. | |
| 526 | _aSEG42 | ||
| 526 | _aSEG41 | ||
| 526 | _aSEG40 | ||
| 526 | _aSEG39 | ||
| 526 | _aP94 | ||
| 526 | _aP87 | ||
| 526 | _aP86 | ||
| 526 | _aP85 | ||
| 526 | _aP77 | ||
| 526 | _aP76 | ||
| 526 | _aP35 | ||
| 541 | _g001-0000612; | ||
| 650 | 1 | 4 | _aLiderazgo cristiano. |
| 650 | 2 | 4 | _aAdministración eclesiástica. |
| 910 | _agl2012116 | ||
| 942 |
_2ddc _cBOOK |
||
| 949 |
_a254 B96 _wDEWEY _c1 _i65777 _lCCODEBUL1 _mBUL _p23.00 _r0 _sY _tLIBRO _u2015-07-06 _xTEOLOGIA _PP35 _o.STAFF. Colección Teología |
||
| 949 |
_a287.7 B96 1996 _wDEWEY _c1 _iFJ12823 _lCCODEBUJ1 _mBUJ _p23.00 _r0 _sY _tBOOK _u2019-04-08 _xEDUCACIÓN _PP14 _o.STAFF -- Colección General Juliaca |
||
| 994 |
_aC0 _bPEPRU |
||
| 596 | _a1 3 | ||
| 999 |
_a254 B96 _wDEWEY _c54188 _i65777 _d54188 _e2017-9-4 _f2021-11-10 _g5 _lCCODEBUL1 _mBUL _n2 _p23.00 _q1 _r0 _sY _tBOOK _u2015-7-6 _xTEOLOGIA _PP35 _0COMPRA _o.STAFF. Colección Teología |
||
| 999 |
_a287.7 B96 1996 _wDEWEY _c1 _iFJ12823 _d2019-5-20 _e2019-5-15 _f2022-2-4 _g1 _lCCODEBUJ1 _mBUJ _n1 _p23.00 _q3 _r0 _sY _tBOOK _u2019-4-8 _xEDUCACION _PP14 _0COMPRA _o.STAFF. Colección Geneal Juliaca |
||
| 980 |
_81 _gALBERTO SANCHEZ Responsable de Automatización |
||